000 01083nam a22003617a 4500
001 BR6000610
003 BR-BrBNA
005 20230928083034.0
007 ta
008 230509b bl.||||| |||| 00| 0 por d
040 _aBR-BrBNA
_bpor
_cBiblioteca Nacional de Agricultura
041 _a(Por)
072 _aE70; E15
_b0150
_b0120
_b0430
_b1410
_b1540
_b0510
_b9310
_b/G514
090 _ 0150 BR6000610
110 1 _aComissao de Financiamento da Producao, Brasilia, DF (Brasil). Servico de Pesquisas Economicas
_91992
245 1 _aPrecos Minimos para a Regiao Nordeste. Safra 1967/68 [Brasil; Sisal; Arroz; Milho; Algodao; Feijao; Mandioca; Farinha]
260 3 _aBrasilia, DF (Brasil):
_c[nd].
300 _a120 p.
650 _aPRECO MINIMO
650 _aSAFRA
650 _aSISAL
650 _aALGODAO
650 _aFEIJAO
650 _aMILHO
650 _aMANDIOCA
650 _aFARINHA
650 _aARROZ
650 _aPOLITICA DE PRECO
650 _aCUSTO DE PRODUCAO
650 _aREGIAO NORDESTE
909 _a202309
_bLucia
_c55
_dLucia Elande
942 _cBK
999 _c11227
_d11227